| 000 | 00948nas a2200313 4500 | ||
|---|---|---|---|
| 001 | BR2010005480 | ||
| 003 | BR-BrBNA | ||
| 005 | 20231205114342.0 | ||
| 007 | ta | ||
| 008 | 230509b bl.|||p| |||| 00| 00por d | ||
| 040 |
_aBR-BrBNA _bpor _cBiblioteca Nacional de Agricultura |
||
| 041 | _a(En) | ||
| 072 | _aL70; M12 | ||
| 100 | 1 | _aCunha, M.A. da | |
| 100 | 1 | _aZeppenfeld, C.C. | |
| 100 | 1 | _aGarcia, L. de O. | |
| 100 | 1 | _aLoro, V.L. | |
| 100 | 1 | _aFonseca, M.B. da | |
| 100 | 1 | _aEmanueli, T. | |
| 100 | 1 | _aVeek, A.P. de L. | |
| 100 | 1 | _aCopatti, C.E. | |
| 100 | 1 | _aBaldisserotto, B. | |
| 245 | 1 | _aAnesthesia of silver catfish with eugenol: time of induction, cortisol response and sensory analysis of fillet | |
| 650 | _aBAGRE | ||
| 650 | _aANESTESIA | ||
| 773 | 0 |
_tCiència Rural (Brazil) _xISSN 0103-8478 _g(Oct 2010), v.40(10) p. 2107-2114 _wBR2010005480 |
|
| 909 |
_a202311 _bLúcia _c55 _dLúcia Elande |
||
| 942 |
_2AGRIS _n0 _cANA |
||
| 999 |
_c208370 _d208370 |
||